000 00499nam a2200169Ia 4500
005 20250923145138.0
008 008 250917s9999 xx 000 0 eng d
037 _aTextual
040 _aDSWL
_beng
_cDSWL
041 _aeng
_2eng
084 _aY:4x73,N6, N67
_qDSWL
245 0 _aReadings in Social Problems
_cEd. by John Scanzoni
260 _aBoston
_bAllyn & Becon, Inc.
_c1967
300 _axv,474p.
942 _cTEXL
_hY:4x73,N6, N67
999 _c1447709
_d1447709